El dilema de la opción con renuncia del artículo 4 de la ley 26773 frente a otros sistemas de reparación y sancionatorios fundados en la ley de defensa del consumidor (Registro nro. 29939)

Detalles MARC
000 -LEADER
fixed length control field 00449 a2200109 4500
001 - CONTROL NUMBER
control field ART_52612
005 - DATE AND TIME OF LATEST TRANSACTION
control field 20260410161946.0
008 - FIXED-LENGTH DATA ELEMENTS--GENERAL INFORMATION
fixed length control field 260409a
100 1# - MAIN ENTRY--PERSONAL NAME
Personal name Favier, Daniela
245 10 - TITLE STATEMENT
Title El dilema de la opción con renuncia del artículo 4 de la ley 26773 frente a otros sistemas de reparación y sancionatorios fundados en la ley de defensa del consumidor
773 0# - HOST ITEM ENTRY
Title Temas de derecho laboral
Related parts - N° 6 (jun. 2021)
Record control number REV27619

No hay ítems disponibles.